[Event "ODJM A 2018"]
[Site "Willingen GER"]
[Date "2018.05.23"]
[Round "5"]
[White "Küppers, Timo"]
[Black "Do, Nam"]
[Result "1/2-1/2"]
[Termination "normal"]
[Board "5"]
[WhiteElo "2175"]
[BlackElo "1947"]
[WhiteClock "00:00:47"]
[BlackClock "00:00:59"]
[PlyCount "70"]
[WhiteFideId "16205820"]
[BlackFideId "12998885"]
[EventCountry "GER"]
[EventRounds "9"]
[EventType "swiss"]
[EventDate "2018.05.19"]

1. e4 {[%clk 1:30:48]} 1... e5 {[%clk 1:30:57]} 2. Nf3 {[%clk 1:31:13]} 2...
Nc6 {[%clk 1:31:24]} 3. Bb5 {[%clk 1:31:40]} 3... a6 {[%clk 1:31:50]} 4. Ba4 {
[%clk 1:32:07]} 4... Nf6 {[%clk 1:32:16]} 5. O-O {[%clk 1:32:32]} 5... Be7 {
[%clk 1:32:42]} 6. Re1 {[%clk 1:32:58]} 6... b5 {[%clk 1:33:08]} 7. Bb3 { [%clk
1:33:25]} 7... O-O {[%clk 1:33:27]} 8. a4 {[%clk 1:33:47]} 8... Bb7 { [%clk
1:33:53]} 9. d3 {[%clk 1:33:51]} 9... d6 {[%clk 1:32:41]} 10. Nbd2 { [%clk
1:33:37]} 10... Na5 {[%clk 1:19:21]} 11. Ba2 {[%clk 1:34:00]} 11... c5 { [%clk
1:19:13]} 12. Nf1 {[%clk 1:33:39]} 12... Nc6 {[%clk 1:18:22]} 13. c3 { [%clk
1:32:53]} 13... Nd7 {[%clk 1:11:49]} 14. Ne3 {[%clk 1:15:06]} 14... Nb6 { [%clk
1:07:04]} 15. Nf5 {[%clk 0:55:15]} 15... Nxa4 {[%clk 0:53:03]} 16. h4 { [%clk
0:54:42]} 16... Bc8 {[%clk 0:46:36]} 17. Bd5 {[%clk 0:46:10]} 17... Bxf5 {[%clk
0:44:33]} 18. exf5 {[%clk 0:35:49]} 18... Rc8 {[%clk 0:38:12]} 19. Ng5 { [%clk
0:27:49]} 19... Nb6 {[%clk 0:29:45]} 20. Qh5 {[%clk 0:27:58]} 20... Bxg5 {[%clk
0:27:34]} 21. Bxg5 {[%clk 0:28:24]} 21... Qd7 {[%clk 0:26:19]} 22. Bxc6 {[%clk
0:28:00]} 22... Rxc6 {[%clk 0:24:58]} 23. f6 {[%clk 0:28:03]} 23... Nd5 {[%clk
0:18:10]} 24. fxg7 {[%clk 0:11:00]} 24... Re8 {[%clk 0:16:05]} 25. Bd2 { [%clk
0:07:33]} 25... Ne7 {[%clk 0:11:32]} 26. g4 {[%clk 0:05:41]} 26... Ng6 { [%clk
0:08:37]} 27. f3 {[%clk 0:05:07]} 27... d5 {[%clk 0:06:36]} 28. Kf2 { [%clk
0:04:28]} 28... Rf6 {[%clk 0:05:24]} 29. Qg5 {[%clk 0:03:42]} 29... Qd6 { [%clk
0:03:44]} 30. Kg3 {[%clk 0:01:02]} 30... Rfe6 {[%clk 0:01:11]} 31. Kh3 { [%clk
0:00:46]} 31... Nf4+ {[%clk 0:00:55]} 32. Bxf4 exf4 33. Rxe6 { [%clk 0:01:07]}
33... Rxe6 {[%clk 0:01:53]} 34. Qf5 {[%clk 0:00:57]} 34... d4 { [%clk 0:01:01]}
35. g5 {[%clk 0:00:47]} 35... dxc3 {[%clk 0:00:59]} 1/2-1/2

[Event "ODJM A 2018"]
[Site "Willingen GER"]
[Date "2018.05.23"]
[Round "5"]
[White "Förster, Erik"]
[Black "Terhuven, Patrick"]
[Result "0-1"]
[Termination "normal"]
[Board "6"]
[WhiteElo "2074"]
[BlackElo "2124"]
[WhiteClock "00:36:53"]
[BlackClock "00:02:32"]
[PlyCount "82"]
[WhiteFideId "12918601"]
[BlackFideId "12919098"]
[EventCountry "GER"]
[EventRounds "9"]
[EventType "swiss"]
[EventDate "2018.05.19"]

1. d4 {[%clk 1:30:58]} 1... d5 {[%clk 1:30:56]} 2. Nf3 {[%clk 1:31:23]} 2...
Nf6 {[%clk 1:31:21]} 3. c4 {[%clk 1:31:48]} 3... e6 {[%clk 1:31:45]} 4. g3 {
[%clk 1:32:13]} 4... Bb4+ {[%clk 1:32:05]} 5. Bd2 {[%clk 1:32:37]} 5... Bd6 {
[%clk 1:32:16]} 6. Bg2 {[%clk 1:32:54]} 6... O-O {[%clk 1:32:04]} 7. O-O {
[%clk 1:33:19]} 7... c6 {[%clk 1:30:10]} 8. Bg5 {[%clk 1:31:01]} 8... Nbd7 {
[%clk 1:29:00]} 9. Nc3 {[%clk 1:27:39]} 9... h6 {[%clk 1:28:00]} 10. Bf4 {
[%clk 1:26:26]} 10... Bxf4 {[%clk 1:27:31]} 11. gxf4 {[%clk 1:26:53]} 11...
dxc4 {[%clk 1:22:38]} 12. Ne5 {[%clk 1:23:03]} 12... Nd5 {[%clk 1:17:52]} 13.
Qd2 {[%clk 1:22:31]} 13... Qc7 {[%clk 1:10:21]} 14. e4 {[%clk 1:14:29]} 14...
Nxc3 {[%clk 1:09:09]} 15. Qxc3 {[%clk 1:13:16]} 15... Nxe5 {[%clk 1:07:42]} 16.
fxe5 {[%clk 1:13:29]} 16... b5 {[%clk 1:07:27]} 17. Kh1 {[%clk 1:12:19]} 17...
Bb7 {[%clk 1:05:09]} 18. Rg1 {[%clk 1:10:59]} 18... Rad8 {[%clk 0:59:53]} 19.
Rad1 {[%clk 1:07:46]} 19... f6 {[%clk 0:50:15]} 20. Bh3 {[%clk 1:02:59]} 20...
f5 {[%clk 0:44:16]} 21. f3 {[%clk 0:53:55]} 21... c5 {[%clk 0:41:08]} 22. d5 {
[%clk 0:53:00]} 22... exd5 {[%clk 0:40:32]} 23. exd5 {[%clk 0:47:40]} 23...
Bxd5 {[%clk 0:38:03]} 24. e6 {[%clk 0:47:00]} 24... Bxe6 {[%clk 0:29:32]} 25.
Rxg7+ {[%clk 0:45:27]} 25... Qxg7 {[%clk 0:29:55]} 26. Rg1 {[%clk 0:45:52]}
26... Rf7 {[%clk 0:28:16]} 27. Rxg7+ {[%clk 0:44:06]} 27... Rxg7 { [%clk
0:28:42]} 28. Qe1 {[%clk 0:42:45]} 28... Kf7 {[%clk 0:24:00]} 29. Bf1 { [%clk
0:41:09]} 29... Bd5 {[%clk 0:20:05]} 30. Qf2 {[%clk 0:41:36]} 30... Rdg8 {[%clk
0:19:26]} 31. h4 {[%clk 0:42:01]} 31... Rg1+ {[%clk 0:13:55]} 32. Kh2 { [%clk
0:42:22]} 32... Ke6 {[%clk 0:13:23]} 33. Qe3+ {[%clk 0:39:57]} 33... Kd6 {[%clk
0:11:05]} 34. Qxh6+ {[%clk 0:40:15]} 34... Kc7 {[%clk 0:08:21]} 35. Qf4+ {[%clk
0:39:39]} 35... Kc6 {[%clk 0:07:10]} 36. Bh3 {[%clk 0:39:17]} 36... Rb1 {[%clk
0:05:22]} 37. Qe5 {[%clk 0:38:35]} 37... Bxf3 {[%clk 0:03:51]} 38. Qe6+ {[%clk
0:38:52]} 38... Kb7 {[%clk 0:03:18]} 39. Qf7+ {[%clk 0:37:06]} 39... Kb6 {[%clk
0:02:36]} 40. Qf6+ {[%clk 0:36:46]} 40... Bc6 {[%clk 0:02:12]} 41. Bxf5 {[%clk
0:36:53]} 41... Rh1# {[%clk 0:02:32]} 0-1

[Event "ODJM A 2018"]
[Site "Willingen GER"]
[Date "2018.05.23"]
[Round "5"]
[White "Engel, Robert"]
[Black "Silber, Kevin"]
[Result "1-0"]
[Termination "normal"]
[Board "8"]
[WhiteElo "2081"]
[BlackElo "2244"]
[WhiteClock "00:44:29"]
[BlackClock "00:13:01"]
[PlyCount "45"]
[WhiteFideId "12974684"]
[BlackFideId "12930440"]
[EventCountry "GER"]
[EventRounds "9"]
[EventType "swiss"]
[EventDate "2018.05.19"]

1. e4 {[%clk 1:30:59]} 1... c6 {[%clk 1:30:51]} 2. Nc3 {[%clk 1:31:04]} 2... d5
{[%clk 1:31:15]} 3. d4 {[%clk 1:30:19]} 3... dxe4 {[%clk 1:31:39]} 4. Nxe4 {
[%clk 1:30:38]} 4... Nf6 {[%clk 1:31:46]} 5. Nxf6+ {[%clk 1:27:39]} 5... exf6 {
[%clk 1:27:55]} 6. Bf4 {[%clk 1:25:47]} 6... Qb6 {[%clk 1:26:16]} 7. Qe2+ {
[%clk 1:20:40]} 7... Be6 {[%clk 1:26:31]} 8. c3 {[%clk 1:20:23]} 8... Be7 {
[%clk 1:24:57]} 9. Nf3 {[%clk 1:19:52]} 9... O-O {[%clk 1:24:12]} 10. Qc2 {
[%clk 1:18:12]} 10... Re8 {[%clk 1:21:46]} 11. Bd3 {[%clk 1:15:02]} 11... Ba3 {
[%clk 1:02:49]} 12. O-O {[%clk 1:10:11]} 12... Qxb2 {[%clk 1:00:11]} 13. Bxh7+
{[%clk 1:08:23]} 13... Kh8 {[%clk 1:00:27]} 14. Rab1 {[%clk 1:07:05]} 14...
Qxc2 {[%clk 0:44:28]} 15. Bxc2 {[%clk 1:07:33]} 15... Bc4 {[%clk 0:44:48]} 16.
Rfe1 {[%clk 1:04:29]} 16... Na6 {[%clk 0:38:45]} 17. Rxb7 {[%clk 0:50:48]}
17... Rxe1+ {[%clk 0:35:05]} 18. Nxe1 {[%clk 0:50:41]} 18... g5 {[%clk 0:21:49]
} 19. Be3 {[%clk 0:49:31]} 19... Bxa2 {[%clk 0:20:26]} 20. Bd3 {[%clk 0:47:31]}
20... Nb8 {[%clk 0:20:47]} 21. Nc2 {[%clk 0:45:36]} 21... Bd6 {[%clk 0:20:03]}
22. c4 {[%clk 0:45:43]} 22... Na6 {[%clk 0:13:01]} 23. Rb2 {[%clk 0:44:29]} 1-0

[Event "ODJM A 2018"]
[Site "Willingen GER"]
[Date "2018.05.23"]
[Round "5"]
[White "Knudsen, Simon"]
[Black "Beesk, Kevin"]
[Result "1-0"]
[Termination "normal"]
[Board "9"]
[WhiteElo "2126"]
[BlackElo "1968"]
[WhiteClock "00:50:50"]
[BlackClock "00:13:31"]
[PlyCount "75"]
[WhiteFideId "12985546"]
[BlackFideId "1271882"]
[EventCountry "GER"]
[EventRounds "9"]
[EventType "swiss"]
[EventDate "2018.05.19"]

1. e4 {[%clk 1:30:57]} 1... c5 {[%clk 1:30:56]} 2. Nf3 {[%clk 1:31:22]} 2... e6
{[%clk 1:31:23]} 3. b3 {[%clk 1:31:47]} 3... b6 {[%clk 1:31:03]} 4. Bd3 { [%clk
1:32:11]} 4... Bb7 {[%clk 1:31:04]} 5. O-O {[%clk 1:32:33]} 5... Nf6 { [%clk
1:26:51]} 6. e5 {[%clk 1:32:58]} 6... Nd5 {[%clk 1:27:14]} 7. Be4 { [%clk
1:33:25]} 7... Ne3 {[%clk 1:21:02]} 8. Bxb7 {[%clk 1:33:43]} 8... Nxd1 { [%clk
1:21:25]} 9. Bxa8 {[%clk 1:34:09]} 9... Na6 {[%clk 1:21:09]} 10. Be4 { [%clk
1:34:24]} 10... f5 {[%clk 1:20:22]} 11. Bd3 {[%clk 1:32:39]} 11... Nxf2 { [%clk
1:15:31]} 12. Bxa6 {[%clk 1:33:03]} 12... Ng4 {[%clk 1:15:56]} 13. Bb2 { [%clk
1:32:08]} 13... g5 {[%clk 1:13:54]} 14. Na3 {[%clk 1:29:05]} 14... Nh6 { [%clk
1:11:44]} 15. Nc4 {[%clk 1:29:18]} 15... Nf7 {[%clk 1:12:05]} 16. a4 { [%clk
1:22:45]} 16... g4 {[%clk 1:09:58]} 17. Ne1 {[%clk 1:23:10]} 17... Qh4 { [%clk
1:07:05]} 18. a5 {[%clk 1:19:37]} 18... bxa5 {[%clk 1:05:34]} 19. Rxa5 { [%clk
1:17:43]} 19... Rg8 {[%clk 1:05:21]} 20. Rb5 {[%clk 1:17:56]} 20... Ng5 { [%clk
0:49:07]} 21. Rb8+ {[%clk 1:13:16]} 21... Kf7 {[%clk 0:35:02]} 22. g3 { [%clk
1:10:24]} 22... Qh3 {[%clk 0:31:48]} 23. Bb7 {[%clk 1:09:16]} 23... Rg6 { [%clk
0:31:01]} 24. Rd8 {[%clk 1:04:17]} 24... Rh6 {[%clk 0:28:37]} 25. Rf2 { [%clk
1:03:39]} 25... Ke7 {[%clk 0:28:48]} 26. Ra8 {[%clk 1:04:00]} 26... f4 { [%clk
0:24:21]} 27. Nd6 {[%clk 1:04:01]} 27... Qh5 {[%clk 0:22:39]} 28. Bg2 { [%clk
0:50:08]} 28... f3 {[%clk 0:19:37]} 29. Bf1 {[%clk 0:50:25]} 29... Ne4 { [%clk
0:16:41]} 30. Nxe4 {[%clk 0:50:46]} 30... Kf7 {[%clk 0:17:01]} 31. Nf6 { [%clk
0:50:25]} 31... Rxf6 {[%clk 0:16:23]} 32. exf6 {[%clk 0:50:48]} 32... Qd5
{[%clk 0:16:45]} 33. Rxa7 {[%clk 0:50:36]} 33... c4 {[%clk 0:15:19]} 34. bxc4 {
[%clk 0:50:47]} 34... Qc5 {[%clk 0:15:14]} 35. Rxd7+ {[%clk 0:51:10]} 35... Ke8
{[%clk 0:15:36]} 36. Nd3 {[%clk 0:50:47]} 36... Qb6 {[%clk 0:15:02]} 37. Bd4 {
[%clk 0:50:33]} 37... Qc6 {[%clk 0:13:31]} 38. Ne5 {[%clk 0:50:50]} 1-0

[Event "ODJM A 2018"]
[Site "Willingen GER"]
[Date "2018.05.23"]
[Round "5"]
[White "Gallasch, Jonas"]
[Black "Winkel, Peter"]
[Result "0-1"]
[Termination "normal"]
[Board "10"]
[WhiteElo "1924"]
[BlackElo "2110"]
[WhiteClock "00:35:41"]
[BlackClock "00:24:07"]
[PlyCount "176"]
[WhiteFideId "16222474"]
[BlackFideId "12954756"]
[EventCountry "GER"]
[EventRounds "9"]
[EventType "swiss"]
[EventDate "2018.05.19"]

1. d4 {[%clk 1:30:57]} 1... d5 {[%clk 1:30:57]} 2. c4 {[%clk 1:31:05]} 2... c6
{[%clk 1:31:24]} 3. cxd5 {[%clk 1:30:57]} 3... cxd5 {[%clk 1:31:48]} 4. Nc3 {
[%clk 1:31:21]} 4... Nf6 {[%clk 1:32:12]} 5. Nf3 {[%clk 1:31:42]} 5... Nc6 {
[%clk 1:32:39]} 6. Bf4 {[%clk 1:32:02]} 6... Bf5 {[%clk 1:33:03]} 7. e3 { [%clk
1:32:22]} 7... e6 {[%clk 1:33:27]} 8. Qb3 {[%clk 1:32:46]} 8... Bb4 { [%clk
1:33:47]} 9. Bb5 {[%clk 1:32:54]} 9... O-O {[%clk 1:33:53]} 10. Bxc6 { [%clk
1:32:01]} 10... Bxc3+ {[%clk 1:34:14]} 11. Qxc3 {[%clk 1:32:27]} 11... Rc8
{[%clk 1:34:31]} 12. Ne5 {[%clk 1:29:19]} 12... Nh5 {[%clk 1:34:33]} 13. Qa3
{[%clk 1:19:45]} 13... bxc6 {[%clk 1:34:34]} 14. Bg3 {[%clk 1:18:27]} 14... f6
{[%clk 1:27:50]} 15. Nd3 {[%clk 1:15:52]} 15... Bxd3 {[%clk 1:16:49]} 16. Qxd3
{[%clk 1:15:45]} 16... c5 {[%clk 1:14:56]} 17. O-O {[%clk 1:12:00]} 17... Nxg3
{[%clk 1:12:39]} 18. hxg3 {[%clk 1:12:22]} 18... c4 {[%clk 1:12:58]} 19. Qc3
{[%clk 1:11:31]} 19... f5 {[%clk 1:07:14]} 20. f4 {[%clk 1:08:50]} 20... Rf7
{[%clk 1:06:00]} 21. Rfc1 {[%clk 1:07:29]} 21... Qb6 {[%clk 0:56:46]} 22. b4
{[%clk 1:04:09]} 22... Rb7 {[%clk 0:54:05]} 23. Rcb1 {[%clk 1:03:05]} 23...
Rcb8 {[%clk 0:52:51]} 24. Rb2 {[%clk 1:02:50]} 24... Qd6 {[%clk 0:47:39]} 25.
Rab1 {[%clk 1:02:40]} 25... Qa6 {[%clk 0:47:44]} 26. a3 {[%clk 1:02:14]} 26...
Qa4 {[%clk 0:47:19]} 27. Kf2 {[%clk 1:01:42]} 27... Rb6 {[%clk 0:47:11]} 28.
Ke2 {[%clk 1:01:48]} 28... Qe8 {[%clk 0:45:37]} 29. Qc2 {[%clk 0:58:18]} 29...
Qe7 {[%clk 0:38:29]} 30. Kd2 {[%clk 0:56:48]} 30... Qb7 {[%clk 0:38:51]} 31.
Kc1 {[%clk 0:57:05]} 31... Qa6 {[%clk 0:37:21]} 32. Qc3 {[%clk 0:57:27]} 32...
Qa4 {[%clk 0:36:57]} 33. Kd2 {[%clk 0:56:59]} 33... Qe8 {[%clk 0:34:05]} 34.
Ke2 {[%clk 0:56:25]} 34... Qb5 {[%clk 0:34:10]} 35. Kd1 {[%clk 0:56:37]} 35...
Kf8 {[%clk 0:33:28]} 36. Qc2 {[%clk 0:55:22]} 36... Ra6 {[%clk 0:32:53]} 37.
Ra1 {[%clk 0:53:56]} 37... Qe8 {[%clk 0:23:45]} 38. Kd2 {[%clk 0:48:12]} 38...
Rab6 {[%clk 0:23:39]} 39. Rab1 {[%clk 0:47:49]} 39... h6 {[%clk 0:22:57]} 40.
Kc3 {[%clk 0:39:37]} 40... Ke7 {[%clk 0:22:45]} 41. a4 {[%clk 0:38:13]} 41...
Kd8 {[%clk 0:21:20]} 42. a5 {[%clk 0:38:21]} 42... Rb5 {[%clk 0:21:24]} 43. Qd1
{[%clk 0:37:53]} 43... Qg6 {[%clk 0:20:48]} 44. Qf3 {[%clk 0:38:08]} 44... R5b7
{[%clk 0:19:06]} 45. Ra1 {[%clk 0:36:59]} 45... Qe8 {[%clk 0:18:37]} 46. Qd1 {
[%clk 0:37:23]} 46... Qe7 {[%clk 0:18:38]} 47. Rab1 {[%clk 0:37:27]} 47... Qd7
{[%clk 0:17:47]} 48. Qc2 {[%clk 0:36:15]} 48... Kc7 {[%clk 0:17:13]} 49. Qd1 {
[%clk 0:36:38]} 49... Qe8 {[%clk 0:17:18]} 50. Ra1 {[%clk 0:36:51]} 50... Rb5 {
[%clk 0:17:20]} 51. Rab1 {[%clk 0:36:37]} 51... Kd6 {[%clk 0:17:33]} 52. Ra1 {
[%clk 0:36:44]} 52... Qg6 {[%clk 0:17:18]} 53. Qf3 {[%clk 0:37:08]} 53... Qf7 {
[%clk 0:17:43]} 54. Rab1 {[%clk 0:35:14]} 54... Qb7 {[%clk 0:15:23]} 55. Qd1 {
[%clk 0:34:56]} 55... Qd7 {[%clk 0:15:42]} 56. Ra1 {[%clk 0:34:15]} 56... R5b7
{[%clk 0:15:52]} 57. Rab1 {[%clk 0:34:26]} 57... Qb5 {[%clk 0:15:08]} 58. Qc2 {
[%clk 0:34:48]} 58... Rg8 {[%clk 0:14:49]} 59. Rh1 {[%clk 0:34:34]} 59... Qe8 {
[%clk 0:14:48]} 60. Qd1 {[%clk 0:33:36]} 60... Qg6 {[%clk 0:14:33]} 61. Qf3 {
[%clk 0:32:58]} 61... Rgb8 {[%clk 0:14:36]} 62. Rhb1 {[%clk 0:33:21]} 62... Qf6
{[%clk 0:14:51]} 63. Qh5 {[%clk 0:32:46]} 63... Qf7 {[%clk 0:14:15]} 64. Qf3 {
[%clk 0:32:00]} 64... a6 {[%clk 0:12:54]} 65. Qe2 {[%clk 0:31:31]} 65... Rg8 {
[%clk 0:12:49]} 66. Rh1 {[%clk 0:31:47]} 66... Qe8 {[%clk 0:12:52]} 67. Qd1 {
[%clk 0:31:59]} 67... Qb5 {[%clk 0:11:46]} 68. Qc2 {[%clk 0:32:20]} 68... Rgb8
{[%clk 0:11:55]} 69. Rhb1 {[%clk 0:32:45]} 69... Qd7 {[%clk 0:11:58]} 70. Qd1 {
[%clk 0:32:47]} 70... Rg8 {[%clk 0:12:08]} 71. Ra1 {[%clk 0:32:41]} 71... Qe8 {
[%clk 0:10:33]} 72. Qf3 {[%clk 0:29:31]} 72... g6 {[%clk 0:07:43]} 73. Qe2 {
[%clk 0:23:59]} 73... g5 {[%clk 0:03:45]} 74. Qc2 {[%clk 0:20:09]} 74... gxf4 {
[%clk 0:28:15]} 75. gxf4 {[%clk 0:51:02]} 75... Rg3 {[%clk 0:28:32]} 76. Qf2 {
[%clk 0:46:49]} 76... Rbg7 {[%clk 0:28:50]} 77. Raa2 {[%clk 0:45:32]} 77... Qb5
{[%clk 0:27:34]} 78. Rb1 {[%clk 0:43:06]} 78... h5 {[%clk 0:24:08]} 79. Rh1 {
[%clk 0:41:06]} 79... Rxg2 {[%clk 0:23:10]} 80. Qxg2 {[%clk 0:39:58]} 80...
Rxg2 {[%clk 0:23:36]} 81. Rxg2 {[%clk 0:40:21]} 81... Qa4 {[%clk 0:24:02]} 82.
Rhh2 {[%clk 0:36:58]} 82... Qb3+ {[%clk 0:23:34]} 83. Kd2 {[%clk 0:37:15]}
83... Qd3+ {[%clk 0:23:39]} 84. Kc1 {[%clk 0:36:56]} 84... Qxe3+ { [%clk
0:23:57]} 85. Kb1 {[%clk 0:37:19]} 85... Qxd4 {[%clk 0:23:38]} 86. Rd2 { [%clk
0:36:10]} 86... Qxf4 {[%clk 0:23:47]} 87. Rhf2 {[%clk 0:35:57]} 87... Qe4+
{[%clk 0:23:53]} 88. Ka2 {[%clk 0:35:41]} 88... c3 {[%clk 0:24:07]} 0-1

[Event "ODJM A 2018"]
[Site "Willingen GER"]
[Date "2018.05.23"]
[Round "5"]
[White "Giraud, Valerian"]
[Black "Gerlach, Felix"]
[Result "0-1"]
[Termination "normal"]
[Board "11"]
[WhiteElo "2034"]
[BlackElo "1907"]
[WhiteClock "00:17:14"]
[BlackClock "00:40:47"]
[PlyCount "76"]
[WhiteFideId "12920355"]
[BlackFideId "12957690"]
[EventCountry "GER"]
[EventRounds "9"]
[EventType "swiss"]
[EventDate "2018.05.19"]

1. d4 {[%clk 1:30:54]} 1... Nf6 {[%clk 1:30:56]} 2. c4 {[%clk 1:31:22]} 2... g6
{[%clk 1:31:21]} 3. Nc3 {[%clk 1:31:43]} 3... Bg7 {[%clk 1:31:46]} 4. e4 {
[%clk 1:32:02]} 4... d6 {[%clk 1:32:13]} 5. Be2 {[%clk 1:32:28]} 5... O-O {
[%clk 1:32:38]} 6. Bg5 {[%clk 1:32:55]} 6... c5 {[%clk 1:32:58]} 7. d5 { [%clk
1:33:21]} 7... e6 {[%clk 1:33:22]} 8. Qd2 {[%clk 1:33:16]} 8... exd5 { [%clk
1:32:58]} 9. exd5 {[%clk 1:33:22]} 9... Qb6 {[%clk 1:32:35]} 10. Bd3 { [%clk
1:02:05]} 10... Re8+ {[%clk 1:30:34]} 11. Nge2 {[%clk 1:02:05]} 11... Nbd7
{[%clk 1:24:06]} 12. b3 {[%clk 0:57:06]} 12... Ne5 {[%clk 1:16:00]} 13. Bc2
{[%clk 0:54:35]} 13... h6 {[%clk 1:11:55]} 14. Na4 {[%clk 0:36:55]} 14... Qa6
{[%clk 1:11:12]} 15. Bxh6 {[%clk 0:32:55]} 15... Nxc4 {[%clk 1:11:10]} 16. bxc4
{[%clk 0:33:00]} 16... Bxh6 {[%clk 1:11:13]} 17. Qxh6 {[%clk 0:33:13]} 17...
Qxc4 {[%clk 1:11:34]} 18. Qd2 {[%clk 0:32:22]} 18... Bg4 {[%clk 1:11:32]} 19.
Nac3 {[%clk 0:28:54]} 19... Bxe2 {[%clk 1:11:45]} 20. Nxe2 {[%clk 0:29:08]}
20... Rxe2+ {[%clk 1:11:56]} 21. Qxe2 {[%clk 0:29:28]} 21... Re8 { [%clk
1:12:22]} 22. Qxe8+ {[%clk 0:29:00]} 22... Nxe8 {[%clk 1:12:46]} 23. O-O-O
{[%clk 0:26:52]} 23... Qxa2 {[%clk 1:09:05]} 24. Rhe1 {[%clk 0:24:03]} 24...
Kf8 {[%clk 1:01:40]} 25. Re4 {[%clk 0:21:03]} 25... b5 {[%clk 1:00:57]} 26. Rf4
{[%clk 0:19:41]} 26... Qa1+ {[%clk 0:58:04]} 27. Kd2 {[%clk 0:19:54]} 27... Qe5
{[%clk 0:57:51]} 28. g3 {[%clk 0:19:51]} 28... Nf6 {[%clk 0:55:19]} 29. Re1
{[%clk 0:18:48]} 29... Qxd5+ {[%clk 0:54:30]} 30. Kc1 {[%clk 0:19:14]} 30...
Kg7 {[%clk 0:54:14]} 31. Rd1 {[%clk 0:18:56]} 31... Qc6 {[%clk 0:53:46]} 32. h4
{[%clk 0:18:53]} 32... b4 {[%clk 0:52:07]} 33. g4 {[%clk 0:18:57]} 33... Nd7
{[%clk 0:49:05]} 34. Bb3 {[%clk 0:16:44]} 34... Ne5 {[%clk 0:47:35]} 35. h5
{[%clk 0:16:06]} 35... c4 {[%clk 0:41:40]} 36. Bc2 {[%clk 0:16:20]} 36... Nd3+
{[%clk 0:40:04]} 37. Bxd3 {[%clk 0:16:46]} 37... cxd3+ {[%clk 0:40:27]} 38. Kd2
{[%clk 0:17:14]} 38... Qc2+ {[%clk 0:40:47]} 0-1

[Event "ODJM A 2018"]
[Site "Willingen GER"]
[Date "2018.05.23"]
[Round "5"]
[White "Kartsev, Nikolay"]
[Black "Rieper, Julian"]
[Result "1-0"]
[Termination "normal"]
[Board "12"]
[WhiteElo "1993"]
[BlackElo "2038"]
[WhiteClock "00:29:18"]
[BlackClock "00:40:05"]
[PlyCount "65"]
[WhiteFideId "12939536"]
[BlackFideId "12936960"]
[EventCountry "GER"]
[EventRounds "9"]
[EventType "swiss"]
[EventDate "2018.05.19"]

1. e4 {[%clk 1:30:58]} 1... e5 {[%clk 1:30:53]} 2. Nf3 {[%clk 1:31:23]} 2...
Nc6 {[%clk 1:31:14]} 3. Bb5 {[%clk 1:31:46]} 3... a6 {[%clk 1:31:33]} 4. Ba4 {
[%clk 1:32:09]} 4... Nf6 {[%clk 1:31:58]} 5. d3 {[%clk 1:32:33]} 5... d6 {
[%clk 1:31:05]} 6. c3 {[%clk 1:32:55]} 6... b5 {[%clk 1:31:24]} 7. Bc2 { [%clk
1:33:09]} 7... Be7 {[%clk 1:31:50]} 8. O-O {[%clk 1:33:27]} 8... O-O { [%clk
1:31:51]} 9. Re1 {[%clk 1:33:42]} 9... Re8 {[%clk 1:30:37]} 10. Nbd2 { [%clk
1:34:00]} 10... Nb8 {[%clk 1:29:46]} 11. Nf1 {[%clk 1:34:19]} 11... c5 { [%clk
1:29:59]} 12. Ng3 {[%clk 1:34:43]} 12... h6 {[%clk 1:30:04]} 13. h3 { [%clk
1:33:34]} 13... Bf8 {[%clk 1:29:49]} 14. d4 {[%clk 1:31:47]} 14... Qc7 { [%clk
1:30:03]} 15. d5 {[%clk 1:29:17]} 15... g6 {[%clk 1:25:45]} 16. Be3 { [%clk
1:27:12]} 16... Bg7 {[%clk 1:25:08]} 17. Qd2 {[%clk 1:22:44]} 17... Kh7 { [%clk
1:24:54]} 18. Nh4 {[%clk 1:21:57]} 18... Ng8 {[%clk 1:22:08]} 19. f4 { [%clk
1:14:11]} 19... exf4 {[%clk 1:17:25]} 20. Bxf4 {[%clk 1:14:03]} 20... Nd7
{[%clk 1:17:07]} 21. Nf3 {[%clk 1:02:08]} 21... Ne5 {[%clk 1:15:01]} 22. Nxe5 {
[%clk 1:00:43]} 22... Bxe5 {[%clk 1:14:43]} 23. Bxe5 {[%clk 0:54:51]} 23...
Rxe5 {[%clk 1:14:15]} 24. Nf1 {[%clk 0:54:43]} 24... Qe7 {[%clk 1:12:56]} 25.
Nh2 {[%clk 0:54:47]} 25... Qf6 {[%clk 1:06:12]} 26. Rf1 {[%clk 0:52:53]} 26...
Qe7 {[%clk 1:01:49]} 27. Rae1 {[%clk 0:38:24]} 27... Qf8 {[%clk 0:54:10]} 28.
Nf3 {[%clk 0:38:16]} 28... Re8 {[%clk 0:53:52]} 29. e5 {[%clk 0:36:17]} 29...
Bb7 {[%clk 0:48:43]} 30. Nh4 {[%clk 0:30:59]} 30... Qg7 {[%clk 0:46:41]} 31. e6
{[%clk 0:29:52]} 31... fxe6 {[%clk 0:39:56]} 32. Bxg6+ {[%clk 0:29:18]} 32...
Kh8 {[%clk 0:40:05]} 33. Rf7 1-0

[Event "ODJM A 2018"]
[Site "Willingen GER"]
[Date "2018.05.23"]
[Round "5"]
[White "Hartmann, Jakob"]
[Black "Erofeev, Anastasia"]
[Result "1-0"]
[Termination "normal"]
[Board "13"]
[WhiteElo "2194"]
[BlackElo "1933"]
[PlyCount "125"]
[WhiteFideId "12918067"]
[BlackFideId "12917915"]
[EventCountry "GER"]
[EventRounds "9"]
[EventType "swiss"]
[EventDate "2018.05.19"]

1. e4 e5 2. Nf3 Nc6 3. Bc4 Bc5 4. b4 Bxb4 5. c3 Ba5 6. d4 d6 7. Qb3 Qd7 8. O-O
Bb6 9. Nbd2 Nf6 10. dxe5 Ng4 11. exd6 cxd6 12. Ba3 O-O 13. Rad1 Qc7 14. Bd5 Na5
15. Qc2 Bc5 16. Bb2 Be6 17. c4 Nc6 18. Nb3 Nce5 19. Nxe5 Nxe5 20. Qc3 Bxd5 21.
Rxd5 f6 22. Nxc5 dxc5 23. Qg3 Rae8 24. Rfd1 Re7 25. Bxe5 fxe5 26. Qe3 b6 27. f3
h6 28. Qd3 Qc6 29. Rd6 Qb7 30. Rd2 Rff7 31. Qc3 Kh7 32. R2d5 Qc7 33. Qd3 Qc8
34. Rd8 Qa6 35. a3 Qb7 36. R5d6 Qa6 37. h3 Qa4 38. Kh2 Re8 39. Qd5 Rfe7 40.
Rxe8 Qxe8 41. Kg1 Qf8 42. Rd8 Qf4 43. Qg8+ Kg6 44. Rd6+ Kh5 45. Qd8 Qg5 46. Rd5
Qf6 47. Qc8 Qf4 48. Kf2 Kh4 49. Qd8 Qg3+ 50. Kf1 Qg5 51. Rd3 Rf7 52. Qd5 Qf4
53. Qe6 Rf6 54. Qg4+ Qxg4 55. hxg4 Rf7 56. Kf2 Kg5 57. Rd6 Re7 58. Ke3 h5 59.
gxh5 Kxh5 60. g3 g5 61. g4+ Kh4 62. Kf2 Rh7 63. Rd1 1-0